000 01322nam a2200301 i 4500
001 000007006
003 DO-SdBNP
005 20240523153456.0
007 ta
008 090904s1985 dr r 001 0 spa d
040 _aDO-SdBNP
_bspa
_cBNPHU
_erda
082 4 _a347.729305
_bP438p
_222
100 1 _aPèrez Mèndez, Artagnan,
_d1929-2017
_eautor
_977104
245 1 0 _aProcedimiento civil /
_cArtagnan Pérez Méndez ; presentación, Jottin Cury.
264 _aSanto Domingo :
_bTaller,
_c1985.
300 _avolumenes ;
_c23 cm.
336 _2rdacontent
_atexto
_btxt
337 _2rdamedia
_asin mediación
_bn
338 _2rdacarrier
_avolumen
_bnc
500 _aLa biblioteca posee v.1 y v.3
500 _aIncluye referencias bibliográficas y notas al pie de las páginas
505 0 _av.1--
_tLa acción en justicia --
_tLa organización judicial --
_tLa competencia --
_tLa instancia --
_tLa sentencia --
_tLas vías de recursos --
_gv.2
_tLos incidentes --
_tProcedimientos diversos --
_tLos gastos de la instancia --
_tEl arbitraje --
_gv.3 --
_tLas vias de ejecución y las vias de distribución.
590 _aInventariado, 2018/BT
650 4 _aProcedimiento civil
_zRepública Dominicana
_916575
700 1 _aCury, Jottin,
_910227
_epresent.ación
910 _aValidado. Control de calidad. MFF
942 _2ddc
_cLBS1
999 _c6790
_d6790